[Event "41. Olympiad Women 2014"]
[Site "Tromso NOR"]
[Date "2014.08.02"]
[Round "1.4"]
[White "Novosadova, Kristyna"]
[Black "Botlhole, Kgalalelo"]
[Result "1-0"]
[WhiteElo "2174"]
[BlackElo "1762"]
[EventDate "2014.08.02"]
[Annotator "Vokac,Marek"]
[PlyCount "69"]
[WhiteTeam "CZE"]
[BlackTeam "BOT"]
[WhiteTeamCountry "CZE"]
[BlackTeamCountry "BOT"]

1. e4 e5 2. Nf3 Nc6 3. Bb5 Nf6 4. O-O Bc5 5. Qe2 Qe7 6. c3 O-O 7. d3 a6 8.
 Ba4 b5 9. Bb3 d6 10. Bg5 h6 11. Bh4 Be6 12. Bd5 Bxd5 13. exd5 Nb8 14. d4 
Bb6 15. a4 g5 16. Nxg5!? {To se dalo Ä�ekat, obÄ›ti materiálu bílé nikdy 
neÄ�inily potíÅ¾e. PravdÄ›podobnÄ› to nebylo nutné, ale kompenzaci mít 
bílá bude.} 16. ... hxg5 17. Bxg5 Nbd7 18. Nd2 ( 18. Qf3!? exd4 19. Qg3 
Kh7 =, quiet ) 18. ... e4?! {ZkuÅ¡enÄ›jÅ¡í soupeÅ™ka by urÄ�itÄ› reagovala
} ( 18. ... Rfe8! {a bílá by mÄ›la co dokazovat svou dobroudruÅ¾nou akci. 
NapÅ™.} 19. Rfe1 ( 19. Ne4 exd4 20. Nxf6+ Qxf6! 21. Qxe8+ Rxe8 22. Bxf6 
Nxf6 -/+ ) 19. ... Qf8 20. Qf3 Nh7 21. Bh4 f5! -/+ ) 19. axb5 axb5 20. 
Qxb5 Rxa1 21. Rxa1 Rb8 22. Qe2 Qf8 23. Nxe4 Qg7 24. Nxf6+?! {Bílá uÅ¾ má 
sice Ä�tyÅ™i pÄ›Å¡ce za figuru, ale pÅ™esto mÄ›la drÅ¾et dále figury na 
Å¡achovnici tahem} ( 24. h4! +/- {Po výmÄ›nách bude mít Ä�erný král klid, 
naopak bílé pÄ›Å¡ce nebude tak snadné uvést do pohybu.} ) 24. ... Nxf6 25.
 Bxf6 Qxf6 26. Re1 ( 26. Qe4 += ) 26. ... Ra8 27. Qb5?! Kg7 28. Qe2 Qg5 
29. Qe4 Ra2?! {Nevhodná aktivita dá bílé Å¡anci znovu zaútoÄ�it.} 30. h4 
Qh5 31. Re3! Rxb2? 32. Qe7! {ÄŒerný král je ztracen.} 32. ... Rb1+ 33. Kh2
Qxd5 34. Rg3+ Kh6 35. Qf6+ 1-0

[Event "41. Olympiad 2014"]
[Site "Tromso NOR"]
[Date "2014.08.03"]
[Round "2.1"]
[White "Ali, Sebbar"]
[Black "Navara, David"]
[Result "0-1"]
[WhiteElo "2387"]
[BlackElo "2716"]
[EventDate "2014.08.02"]
[Annotator "Vokac,Marek"]
[PlyCount "56"]
[WhiteTeam "MAR"]
[BlackTeam "CZE"]
[WhiteTeamCountry "MAR"]
[BlackTeamCountry "CZE"]

1. e4 c5 2. Nf3 e6 3. b3 b6 4. c4 Bb7 5. Nc3 Nf6 6. e5 Ne4 7. Bb2 Be7 8. 
Be2 Nxc3 9. Bxc3 Nc6 10. O-O d6 11. exd6 Qxd6 12. d4? {Bílý se asi 
pÅ™ipravoval, Navara jiÅ¾ jednou této nezvyklé variantÄ› Ä�elill, ale 
tento tah musí být prosté pÅ™ehlédnutí, které ztrácí pÄ›Å¡ce. Po} ( 12. 
Bxg7 Rg8 13. Bb2 O-O-O =, quiet {má Ä�erný dobrou kompenzaci v tlaku po 
sloupci d a hÅ™e na královském kÅ™ídle.} ) 12. ... Bf6! -/+ 13. Rc1 ( 13. 
dxc5 Qxd1 14. Raxd1 Bxc3 -+ ) 13. ... cxd4 14. Ba1 O-O 15. Ne1 Rad8 16. 
Bf3 Be5 17. Nd3?! {Bílý se pokouÅ¡í hru zamotat, ale tvrdÄ› narazí.} 
17. ... Bxh2+ 18. Kh1 Bf4 19. c5 bxc5 20. Nxf4 ( 20. Rxc5 e5 -+ ) 20. ... 
Qxf4 21. Rxc5 Ne5!! {Bílý spoléhal na vazbu po diagonále h1-a8, Navara si 
ale spoÄ�ítal krásný závÄ›reÄ�ný útok.} 22. Bxb7 ( 22. Rxe5 Bxf3 -+ ) 
22. ... Qh4+ 23. Kg1 Ng4 24. Re1 Qxf2+ 25. Kh1 Qh4+ 26. Kg1 d3! {Volný 
pÄ›Å¡ec jde vpÅ™ed a pÅ™itom dotváÅ™í matové sitÄ›.} 27. Be5 Qf2+ 28. Kh1 
d2 {Visí pÅ™ehrÅ¡el bílých figur a Ä�erný pÄ›Å¡ec nejde dobÅ™e zastavit.} 
( 28. ... d2 29. Re4 Ne3 30. Rxe3 Qxe3 -+ ) 0-1

[Event "41. Olympiad 2014"]
[Site "Tromso NOR"]
[Date "2014.08.03"]
[Round "2.2"]
[White "Laznicka, Viktor"]
[Black "Tissir, Mohamed"]
[Result "1/2-1/2"]
[WhiteElo "2676"]
[BlackElo "2366"]
[EventDate "2014.08.02"]
[Annotator "Vokac,Marek"]
[PlyCount "121"]
[WhiteTeam "CZE"]
[BlackTeam "MAR"]
[WhiteTeamCountry "CZE"]
[BlackTeamCountry "MAR"]

1. d4 Nf6 2. c4 g6 3. f3 Bg7 4. e4 O-O 5. Ne2 c5 6. d5 d6 7. Nec3 e5?! {Z 
vlastní praxe mohu potvrdit, Å¾e podobnÄ› zaÅ¡puntované centrum Ä�ernému 
Ä�asto mnoho aktivní protihry nepÅ™inese.} 8. Bg5 Na6 9. Nd2 Nc7 10. Be2 
h6 11. Bh4 Rb8 12. a3 Bd7 13. b4! {Bílý byl rychlejÅ¡í, otevírání 
dámského kÅ™ídla si Ä�erný nesmí dovolit.} 13. ... b6 14. Qc2 Qe8 15. O-O 
Nh5 16. Rfb1 g5 17. Bf2 Nf4 18. Bf1 g4 {ÄŒerný zkouÅ¡í hrát na opaÄ�ném 
kÅ™ídle, ale postup tohoto pÄ›Å¡ce za sebou nechává nepÅ™íjemné slabiny.} 
19. fxg4 Bxg4 20. bxc5 {Tato výmÄ›na moÅ¾ná jeÅ¡tÄ› mohla poÄ�kat, pole d6
se bude Ä�ernému jezdci hodit, ale bílý by mÄ›l i tak mít významnou 
výhodu.} 20. ... dxc5 21. Rb3 {Bílý by ale asi mÄ›l preciznÄ›ji 
manévrovat svými figurami. Významný je hlavnÄ› pÅ™esun jezdce na e3 po} ( 
21. Nd1! +/- {aby bílý dostal pod kontrolu pole f5. Bílé vÄ›Å¾e by mohly 
najít na dámském kÅ™ídle zábavu po postupu a4-a5, pro obranu královského 
kÅ™ídla zatím pÅ™íliÅ¡ potÅ™eba nejsou.} ) 21. ... Bd7!? {Docela chytÅ™e 
brání naznaÄ�enému pÅ™evodu jezdce.} 22. Re1 Qe7 23. Nf3 Ne8 24. Qd2 Bg4 
25. Nd1 {TeÄ� jiÅ¾ bílý pÅ™esun jezdce na pole e3 nestíhá, v úvahu 
pÅ™icházelo spíÅ¡e odstranÄ›ní dotÄ›ry na f4 po} ( 25. Ne2 += ) 25. ... 
Nd6 26. Bg3 Ng6 27. Nf2 {Bílý trochu zanedbává aktivní plány} ( 27. a4!? {
a hromadí síly na opaÄ�ném kÅ™ídle, kde ovÅ¡em hra závisí na tom, kdy se 
Ä�erný pustí do postupu f7-f5.} ) 27. ... Bd7 28. Qc1 Rfc8 {ÄŒerný dokonce
koketuje s myÅ¡lenkou prÅ¯lomu b5.} 29. Rc3 Re8 30. Nd2 Kh7 31. Be2 Rg8 
32. Qd1 Bf6 33. Bg4 Bg5 34. Bxd7 Qxd7 35. Nf1 {Bílý vymanévroval výmÄ›nu 
bÄ›lopolných stÅ™elcÅ¯, ale Ä�erný nemá Å¡patnou figuru a mÅ¯Å¾e si 
chystat aktivní akce.} 35. ... Rg7 36. Nh3 Kg8 37. Qh5 f6 38. Qf3 Rf8 39. 
Ne3 f5!? {TÄ›snÄ› pÅ™ed Ä�asovou kontrolou propuká krize, která si Å¾ádá 
pÅ™esné reakce.} 40. exf5 {S podporou poÄ�ítaÄ�e se mi snadno radí} ( 40. 
Nxg5! fxe4 ( 40. ... hxg5 41. exf5 Nxf5 42. Ng4! +/- ) 41. Qh5 hxg5 42. 
Ng4! +/- Nf4 43. Bxf4 gxf4 44. Nh6+ Kh8 45. Nf7+ Kg8 46. Nxd6 Qxd6 47. 
Rxe4 +/- {ale rozmotat sloÅ¾itou pozici do lepÅ¡í koncovky není rozhodnÄ› 
snadné.} ) 40. ... Bxe3+! 41. Qxe3 Nxf5 42. Qd2 Nd4 43. Qxh6!? {Bílý 
chladnokrevnÄ› bere pÄ›Å¡ce, kterým Ä�erný platí aktivizaci svých figur. 
Oddech po Ä�asové tísni bude velmi krátký.} 43. ... Qg4? {ObjektivnÄ› by 
pozice mÄ›la být v rovnováze, pokud by Ä�erný zvolil zásadní protiúder} ( 
43. ... b5! =, quiet {kterým rozlomí centrum bílého. ÄŒerný se rozhodl 
hledat jinou taktiku a dostane se do nových problémÅ¯.} ) 44. Kh1! Nf4 {
Pouhé dva tahy pÅ™ivedly Ä�erného na nekoneÄ�nou minutovou blicku. MoÅ¾ná 
to bylo pro nÄ›ho dobÅ™e, protoÅ¾e zaÄ�al hrát znovu dobré tahy.} 45. Nf2 
Qf5 46. Bxf4 exf4 47. Rh3 f3 48. gxf3? {Na toho rozhodnutí zÅ¯stalo 
bílému 10 minut, vyÄ�erpal je vÅ¡echny, ale zvolil Å¡patnÄ›. Vtip je ale v
tom, Å¾e k tahu} ( 48. g3! {potÅ™ebujete stejnÄ› jako poÄ�ítaÄ� vidÄ›t po}
48. ... Qc2? {pÄ›kný úder} ( 48. ... Ne2 49. Rh4 +/- ) 49. d6! +- {
vytváÅ™ející matovou síÅ¥, které mÅ¯Å¾e Ä�erný Ä�elit jen výmÄ›nami na h7 
s prohranou koncovkou.} ) 48. ... Nxf3 49. Qh8+? {Podle poÄ�ítaÄ�e drÅ¾í 
rovnováhu jediný tah} ( 49. Rc1! =, quiet {ale to se na minutÄ› hledá 
opravdu tÄ›Å¾ko, bílý navíc jistÄ› na f3 bral s útoÄ�nÄ›jÅ¡ími zámÄ›ry.} )
49. ... Kf7 50. Re7+ Kxe7 51. Qxg7+ Rf7 52. Qb2 Nd4 -/+ {PÄ›Å¡ec navíc v 
této blicce nehraje roli. Zato Å¡patná souhra bílých figur a slabý bílý 
král budí oprávnÄ›né obavy.} 53. Kg1 Kd7! 54. Re3 Qg5+ 55. Rg3 Qf4 56. Kg2
Nf5 57. Rg8 {Bílý zkouÅ¡í straÅ¡it protiútokem, malovÄ›rné} ( 57. Qe2 Re7 
58. Qg4 Qxg4 59. Rxg4 Ne3+ 60. Kf3 Nxg4 61. Nxg4 Kd6 -+ {velké Å¡ance na 
záchranu stejnÄ› nedává.} ) 57. ... Nd4 {ÄŒerný si na pÅ¯lminutÄ› není 
zcela jistý a nenachází odvahu pokraÄ�ovat} ( 57. ... Ne3+! 58. Kg1 Qxc4! 
59. Qb1 Qe2 -+ {s jasnou výhrou. MoÅ¾ná k pÄ›Å¡ci c4 nedohlédl a remíza 
opakováním tahÅ¯ se silným soupeÅ™em ho vnitÅ™nÄ› uspokojovala.} ) 58. Rg3
Nf5 59. Rg8 Nd4? 60. Rg3 Nf5 61. Rg8 1/2-1/2

[Event "41. Olympiad 2014"]
[Site "Tromso NOR"]
[Date "2014.08.03"]
[Round "2.3"]
[White "Onkoud, Abdelaziz"]
[Black "Hracek, Zbynek"]
[Result "0-1"]
[WhiteElo "2383"]
[BlackElo "2634"]
[EventDate "2014.08.02"]
[Annotator "Vokac,Marek"]
[PlyCount "47"]
[WhiteTeam "MAR"]
[BlackTeam "CZE"]
[WhiteTeamCountry "MAR"]
[BlackTeamCountry "CZE"]

1. d4 Nf6 2. Nf3 e6 3. e3 c5 4. c3 b6 5. Nbd2 Be7 6. a4 O-O 7. a5 Ba6 8. 
axb6 axb6 9. Bxa6 Nxa6 10. O-O d5 11. Ne5 Bd6 12. f4?! {MoÅ¾ná bílý 
podobným zpÅ¯sobem rozehrává zahájení Ä�astÄ›ji, ale bez bÄ›lopolných 
stÅ™elcÅ¯ a s otevÅ™eným sloupcem na dámském kÅ™ídle je struktura kamenné 
zdi dost pochybná. Útok na královském kÅ™ídle je spíÅ¡ iluzí, stÅ™elec na 
c1 vyslovenÄ› Å¡patný, a Ä�erný má jasnou hru na dámském kÅ™ídle. Bílý se 
mÄ›l spíÅ¡e soustÅ™edit na provedení postupu e3-e4 s rovnou hrou.} 12. ...
 b5 13. b3 Nc7 14. Rxa8 Qxa8 15. Bb2 Qb7 16. Qc2 c4 17. bxc4?! {ZbyteÄ�nÄ›
uvolÅˆuje Ä�ernému dalÅ¡í prostor. Pravdou ovÅ¡em je, Å¾e bílý svÅ¯j 
respekt ze soupeÅ™e dával jasnÄ› najevo hlavnÄ› na svých hodinách.} 
17. ... bxc4 18. Rb1 Nb5 =+ 19. h3 g6 20. Nef3 Ra8 21. g4?! ( 21. Bc1 =+ )
21. ... Ra2 22. Qc1 Nd7 23. Ra1? {S praporkem pomalu na spadnutí 
pÅ™ehlíÅ¾í bílý drobnou efektní kombinaci.} 23. ... Nxd4! 24. exd4 ( 24. 
Rxa2 Ne2+ -+ ) ( 24. exd4 Qxb2 25. Qxb2 Rxb2 -+ ) 0-1

[Event "41. Olympiad 2014"]
[Site "Tromso NOR"]
[Date "2014.08.03"]
[Round "2.4"]
[White "Babula, Vlastimil"]
[Black "Hifad, Rachid"]
[Result "1-0"]
[WhiteElo "2549"]
[BlackElo "2311"]
[EventDate "2014.08.02"]
[Annotator "Vokac,Marek"]
[PlyCount "73"]
[WhiteTeam "CZE"]
[BlackTeam "MAR"]
[WhiteTeamCountry "CZE"]
[BlackTeamCountry "MAR"]

1. d4 d5 2. c4 c6 3. Nf3 Nf6 4. Nc3 dxc4 5. a4 Bf5 6. Nh4 Bc8 7. e3 e5 8. 
Bxc4 exd4 9. exd4 Be7 10. O-O O-O 11. Re1 Na6 12. Nf3 Nb4 13. Ne5 Nfd5 14.
 a5 f6?! {Babula mÄ›l tuto pozici na Å¡achovnici jiÅ¾ dvakrát v partiiích 
s Kamilem Mitonem, v nich hrané} ( 14. ... Be6 {je urÄ�itÄ› lepÅ¡í neÅ¾ 
zbyteÄ�né oslabení pole e6.} ) 15. Nd3 Kh8 16. Nf4 Bd6 17. Ncxd5 cxd5 18. 
Bb3 Bf5 19. Bd2 Nc6 20. a6 b6 21. Be3 {Zde bílý zaváhal, poÄ�ítaÄ� se 
hladce vyrovnává s dlouhou zápletkou} ( 21. Bxd5! Bxf4 ( 21. ... Rc8 22. 
Ne6 Bxh2+ 23. Kxh2 Qxd5 24. Nxf8 Rxf8 25. Bc3 +/- ) 22. Bxc6 Bxh2+ 23. Kh1
! Qxd4 ( 23. ... Bd6 24. Bxa8 Qxa8 25. Qb3 +/- ) 24. Ra4 Qxf2 25. Kxh2! 
Rad8 26. Rf4 +- ) 21. ... Na5! 22. Bc2 {Alternativa} ( 22. Bxd5 Bxf4 23. 
Bxa8 Bxe3 24. Rxe3 Qxa8 25. d5 Nc4 26. Re7 Nd6 27. Qa4 ~ {se poÄ�ítaÄ�i 
bílými docela líbí, ale moc jistý bych si tím nebyl.} ) 22. ... Bxc2 23. 
Qxc2 Bxf4 24. Bxf4 =, quiet Qd7 25. Re2 Qg4 26. Bd6 Rfc8 {PÅ™esnÄ›jÅ¡í je}
( 26. ... Rfe8! 27. Rxe8+ Rxe8 {bílý horko tÄ›Å¾ko drÅ¾í rovnováhu po} 28.
 Bb4 Qxd4 29. Bxa5 bxa5 30. g3 =, quiet ) 27. Qd3 Nb3? {ÄŒerný vymyslel 
nefunkÄ�ní zápletku, která vrátí výhodu na stranu bílého.} 28. h3! Qd7 ( 
28. ... Nc1 29. hxg4 Nxd3 30. Ra3 Nc1 31. Re7 +/- ) ( 28. ... Qh5 29. g4! 
Nc1 30. gxh5 Nxd3 31. Ra3 +/- ) 29. Qxb3 Qxd6 30. Rae1 +/- {Najednou 
získal význam pÄ›Å¡ec na a6, který ve spojení s hrozbou vpádu na 7. nebo 
8. Å™adu Ä�ernému znaÄ�nÄ› svazuje ruce.} 30. ... h6 31. Qd3 Qf4 {ÄŒerný 
má velmi váÅ¾né problémy, ani poÄ�ítaÄ�ové} ( 31. ... Qf8 32. Qg6 {je asi 
nevyÅ™eÅ¡í. Bílý jednoduÅ¡e hrozí g3 s dalÅ¡ím Kg2 a vpádem vÄ›Å¾í na 7. 
Å™adu, proti tomu se hledá obrana obtíÅ¾nÄ›. Tah v partii tomu spíÅ¡e 
pomáhá.} ) 32. g3 Qg5 33. Kg2 h5?! 34. h4 Qg4 35. f3 +- Qd7 36. Qg6 Qb5 
37. Re7 1-0

[Event "41. Olympiad Tromso 2014 Open"]
[Site "Tromso"]
[Date "2014.08.03"]
[Round "2"]
[White "Nyback, Tomi"]
[Black "Carlsen, Magnus"]
[Result "1/2-1/2"]
[WhiteElo "2594"]
[BlackElo "2877"]
[EventDate "2014.??.??"]
[Annotator "Marin,Mihail"]
[PlyCount "71"]
[EventCountry "NOR"]
[WhiteTeam "Finnland"]
[BlackTeam "Norwegen"]
[WhiteTeamCountry "FIN"]
[BlackTeamCountry "NOR"]

1. d4 d5 2. c4 c6 3. Nf3 Nf6 {An interesting choice of the opening. 
Carlsen has played the Slav in the past, but it is by far not his main 
weapon. The puzzling thing is that in a game where the big rating 
difference strongly required to play for a win, he exposes himself to a 
transposition to the symmetrical structure resulting after 4.cxd5 cxd5. 
The Exchange variation is not as dull as it seems and players like 
Botvinnik or Portisch have made good use of it with white, but Black has 
his reasons for content, too. Objectively, he should be close to 
equalizing, which actually is just one preliminary step on the way towards
taking over the initiative.} 4. Qc2 {(!) Played almost without hesitation.
I assume that Tomi was not really bothered by the idea of a draw (although
I may be wrong), but even though the exchange variation makes part of his 
repertoire, he does not show himself ready for such early relasing of the 
tension.} 4. ... dxc4 5. Qxc4 Bg4 6. Nc3 Nbd7 7. e4 {[#]} 7. ... e5!? {
Quite typical for Carlsen. He takes the game into almost unexplored 
territory as soon as on move seven! He had been doing that during the 
match against Anand quite a lot, depriving the then reigning champion to 
display his massive preparation.} ( 7. ... Bxf3 {is played almost 
unanimously, with 7...e6 a minor alternative.} ) 8. Nxe5 Nxe5 9. dxe5 Be6 
10. Qd3 Ng4 11. Qxd8+ Rxd8 12. Bf4! {White prefers returning the pawn in 
the near future for the sake of completing his development} ( {If} 12. f4 
Bc5 {Black's initative becomes threatening.} ) 12. ... Bc5 13. Bg3 Bd4 14.
 Rd1 Bxe5 15. Rxd8+ Kxd8 16. Bxe5 Nxe5 17. f4 Ng4 18. Be2 Nh6 19. Kf2 f6 {
[#]The game has entered Carlsen's predilect territory - the endgame. Much 
to his praise, White keeps playing with ambition and even manages to put 
some pressure on his mighty opponent.} 20. h3 Nf7 21. Bg4 Ke7 22. Bxe6 
Kxe6 23. Rd1 Rd8 24. Rxd8 Nxd8 {[#]The structure is quite similar to that 
from the last match game against Anand. Even though in Chennai Carlsen was
black, inboth cases, he had two groups of three pawns each, against his 
opponent's two plus four. But in the current game, White's position is a 
bit more active.} 25. b4 Kd6 26. Ke3 a6 {A somewhat mysterious move. The 
threat of b4-b5 was not real, as it would allow . ..Kc5, but Carlsen might
have intended to but his queenside majority into motion with ...b5 and 
...c5, or even ...c5 right away.} 27. Na4 Ne6 {Renewing the threat ...b5..
} 28. f5! {A committal decision after only five minutes of thinking. White
gives away the e5-square, but gets some queenside pressure in exchange.} 
28. ... Nd8 29. Kd4 Nf7 30. Nc5 {It may seem that the weakening move ... 
a7-a6 is about to cause some major problems. But Carlsen is not that easy 
to catch on the wrong foot in the edngame.} 30. ... b6! {Played instantly.
} ( {If} 30. ... Nd8 31. a4 {threatening a4-a5, Black would soon be in 
Zugzwang. Actually, even now the best saving chance would be giving up the
apwn with} 31. ... b6 {under lesss favourable circumstances already.} ) 
31. Nxa6 Ne5 {The black knight has occupied the fantastic central square, 
while his rival has no obvious way back into the game.} 32. a4 Nd7 {
Threatening ...c5, which would open the king's way towards the knight. The
final move repetition took place rather quickly, although White twice took
a minute for refelction.} 33. Kc4 Ne5+ 34. Kd4 Nd7 35. Kc4 Ne5+ 36. Kd4 
1/2-1/2

[Event "41. Olympiad Tromso 2014 Open"]
[Site "TromsÃÂ¸"]
[Date "2014.08.03"]
[Round "2"]
[White "Urkedal, Frode"]
[Black "Ivanchuk, Vassily"]
[Result "1-0"]
[WhiteElo "2487"]
[BlackElo "2744"]
[EventDate "2014.??.??"]
[Annotator "Ramirez,Alejandro"]
[PlyCount "57"]
[EventCountry "NOR"]
[WhiteTeam "Norwegen"]
[BlackTeam "Ukraine"]
[WhiteTeamCountry "NOR"]
[BlackTeamCountry "UKR"]

1. Nf3 f5 2. d3 Nc6 3. d4 {This strange move is surprisingly the 
computer's first choice. The point is something along the lines that the 
knight on c6 would be misplaced in a stonewall position.} ( 3. e4 d6 {is 
not so bad for Black, but maybe still better for White.} ) 3. ... e6 4. g3
d5 5. Bg2 Rb8 {Only Ivanchuk can come up with a move like this.} 6. O-O 
Nf6 7. Bf4 b5 8. b3 Ba6 9. Qc1 Bd6 10. Nbd2 O-O 11. e3 Ne4 {Despite 
Black's stranges moves it is clear that his position is fine right now.} 
12. Re1 Qe7 13. a3 Na5 14. Bf1 Rb6 15. c3 g5 16. Bxd6 cxd6 17. b4 Nb7?! ( 
17. ... Nc4 =, quiet ) 18. a4 Rc8 19. Nxe4 fxe4 20. Nd2 Nd8 {This knight 
has very little future.} 21. axb5 Bxb5 22. Bxb5 Rxb5 23. Ra3 Rxb4? {
Trading the two rooks for the queen is not good for Black.} 24. cxb4 Rxc1 
25. Rxc1 Qb7 26. Rac3 {Maybe Ivanchuk underestimated how weak his king is!
} 26. ... Nf7 27. Rc8+ Kg7 28. R1c7 Qxb4 29. Nf1 {Black is simply helpless
against the threaet of Rxa7 and Rcc7. The rook can also go to d7 or e7.} 
1-0

[Event "41. Olympiad Tromso 2014 Open"]
[Site "TromsÃÂ¸"]
[Date "2014.08.03"]
[Round "2"]
[White "Kramnik, Vladimir"]
[Black "Al-Modiahki, Mohamad"]
[Result "1-0"]
[WhiteElo "2760"]
[BlackElo "2549"]
[EventDate "2014.??.??"]
[Annotator "Marin,Mihail"]
[PlyCount "49"]
[EventCountry "NOR"]
[WhiteTeam "Russland"]
[BlackTeam "Katar"]
[WhiteTeamCountry "RUS"]
[BlackTeamCountry "QAT"]

1. Nf3 Nf6 2. c4 g6 3. Nc3 Bg7 4. e4 d6 5. d4 O-O 6. Be2 e5 7. O-O {[#]} 
7. ... Qe8!? {A rare move, trying to step out of the heavily analysed 
variations.} ( {It would make little sense to go for the Mar del Plata 
attack with:} 7. ... Nc6 8. d5 Ne7 {Kramnik is a leading expert of the 
Bayonet attack initiated by} 9. b4 {a line with which he managed to 
"convince" Kasparov abandoning his beloved King's Indian!} ) 8. dxe5 dxe5 
{[#]} 9. b4!? {Kramnik played this relatively rare move instantly. The 
same as in the aforementioned variation, he starts the queenside attack on
the first given occasion.} ( {The main variation is} 9. Be3 ) 9. ... Qe7 {
After having managed to clear matters in the centre, Black needs 
regrouping in order to resume the process of development. It is worth 
mentioning that starting with this move Black spend big amounts of time on
almost every move.} 10. b5 a6 N {A new and probably not very inspired 
move.} ( {Previously,} 10. ... c6 11. a4 Rd8 {was played.} ) 11. a4 axb5 
12. cxb5 Rd8 13. Qc2 {[#]From a very general perspective, the consequences
of the queenside operation favours Black, who has exchanged his rook pawn 
for a more central one. But this would apply only if he was better 
developed. With respect to the lines with ...c6 instead of ...a6, the 
queen does not have the c7-square at her disposal and the d5-square is not
defended properly.} 13. ... Nbd7 {Black obstructs the bishop, a piece 
that, sadly, wil not get the chance for developing in this game.} ( {With 
hindsight, it is easy to recommend} 13. ... Bg4 {followed by ...Nbd7, 
which would also put up some fight for the d4-square.} ) 14. Ba3 Qe8 15. 
Rfd1 {[#]White is fully developed and exerts strong pressure along files 
and diagonals. Black is very passive and his move choice is strongly 
limited.} 15. ... Bf8?! {Strategically, it is right to exchange these 
bishops, but concretely Black loses a pawn. But, as Tarrasch would say, in
bad positions all moves are bad. Hm, or was it Tartakower?! Whoever he 
was, I can only agree with him!} 16. Bxf8 Nxf8 ( {Or if} 16. ... Qxf8 17. 
Nd5 Nxd5 18. Rxd5 {Black lsoes either the c7- or the e5-pawn.} ) 17. Rxd8 
Qxd8 18. Nxe5 Qd4 19. Nf3 Qc5 20. Qb2 Ng4 21. Nd1! {This apparently 
passive retreat annihilates Black's initiative. White is a pawn up, has 
the safer king and more active play. Black is lost without even having got
out of the opening, as some of his pieces are still on their initial 
squares.} 21. ... Nd7 22. Rc1 Qb6 23. Nd2! {More knight retreating, 
preparing for the final assault.} 23. ... Nc5 ( 23. ... Ngf6 {could be met
with} 24. Ne3 Rxa4 25. e5 {with a decisive attack.} ) 24. Nc4 Qf6? {
Shortening the agony.} 25. Bxg4 ( {And in view of} 25. Bxg4 Qxb2 26. Ncxb2
! {(attacking the c5-knight)} 26. ... Nb3 27. Bxc8 {with decisive material
gains, Black resigned.} ) 1-0